00500nam a22001337a 4500008004100000040001800041041000800059100004300067245005000110260005300160300001800213490002700231500010800258130821s1877 gw gr spa  aCo-BoUCMbspa00aspa aCalderon de La Barca, Pedrod1600-168100aTeatro escogidocPedro Calderón de la Barca aLeipzig (Sajonia, Alemania)bF. A. Bockousc1877 a3 volúmenes aColección española av. 1: La vida es un sueño - La devoción de la cruz - El principe constante - El mágico prodigioso